ბათუმის შოთა რუსთაველის სახელმწიფო უნივერსიტეტის ბიბლიოთეკა

The Economist.№9010. 2016 (ბიბ.ჩანაწერი № 52240)

000 -LEADER
fixed length control field 00407nam a2200181Ia 4500
001 - CONTROL NUMBER
control field 19248
003 - CONTROL NUMBER IDENTIFIER
control field GE_BSU
008 - FIXED-LENGTH DATA ELEMENTS--GENERAL INFORMATION
fixed length control field 181216s||||||||xx |||||||||||||| ||und||
040 ## - CATALOGING SOURCE
Transcribing agency GE_BSU
245 #4 - TITLE STATEMENT
Title The Economist.№9010. 2016
245 ## - TITLE STATEMENT
Remainder of title 8TH-14TH
260 ## - PUBLICATION, DISTRIBUTION, ETC.
Place of publication, distribution, etc. London
260 ## - PUBLICATION, DISTRIBUTION, ETC.
Date of publication, distribution, etc. 2016
300 ## - PHYSICAL DESCRIPTION
Extent 83p,il,col,27cm.
653 ## - INDEX TERM--UNCONTROLLED
Uncontrolled term The Economist
653 ## - INDEX TERM--UNCONTROLLED
Uncontrolled term პერიოდიკა
942 ## - ADDED ENTRY ELEMENTS (KOHA)
Koha item type პერიოდიკა
ეგზემპლარები
Withdrawn status Lost status Damaged status Not for loan Date acquired Barcode Date last seen Price effective from Koha item type
        2018-12-17 p78005 2018-12-17 2018-12-17 პერიოდიკა